| 000 | 00784nam a2200169 4500 | ||
|---|---|---|---|
| 999 |
_c371334 _d371334 |
||
| 008 | 210108b ||||| |||| 00| 0 eng d | ||
| 040 |
_aSTAFF _bger _cSTAFF _erda |
||
| 041 | _ager | ||
| 245 |
_aVorbereitende Untersuchungen Areal "Heilbronner Straße/ Briesener Straße". _bAktivierung Quartier "Altes Krankenhaus" _cEleonora Kunz |
||
| 264 | _c2021 | ||
| 500 | _aEnthält Fotos: Ruine Kießlinghaus, Ruinen auf dem Bahngelände, Parkanlage ehemaliges Krankenhaus | ||
| 773 |
_dFrankfurt (Oder): Stadt Frankfurt (Oder) und Büro für Stadtplanung, -forschung und -erneuerung _g(2021), Nr. 29, Dezember, S. 4-5 _tZentrum: Zeitschrift für das Sanierungsgebiet ehemalige Altstadt Frankfurt (Oder) |
||
| 942 | _cA | ||